ARRUPE JESUIT UNIVERSITY

CORONAVIRUS -STOP THE SPREAD - CLEAN,DISINFECT,COVER

Finding God in all things (Record no. 66950)

MARC details
000 -LEADER
fixed length control field 00569nam a2200217Ia 4500
003 - CONTROL NUMBER IDENTIFIER
control field 0100
005 - DATE AND TIME OF LATEST TRANSACTION
control field 20170405092043.0
008 - FIXED-LENGTH DATA ELEMENTS--GENERAL INFORMATION
fixed length control field 130303s9999 xx 000 0 und d
020 ## - INTERNATIONAL STANDARD BOOK NUMBER
International Standard Book Number 09780823228089
040 ## - CATALOGING SOURCE
Transcribing agency ARRUPELIB
050 ## - LIBRARY OF CONGRESS CALL NUMBER
Classification number BX4705.L7133F56 2007
300 ## - PHYSICAL DESCRIPTION
Other physical details 221p. 24cm.
100 ## - MAIN ENTRY--PERSONAL NAME
Personal name Bosco, Mark
9 (RLIN) 29646
245 ## - TITLE STATEMENT
Title Finding God in all things
245 ## - TITLE STATEMENT
Remainder of title celebrating Bernard Lonergan, John Courtney Murray and Karl Rahner
260 ## - PUBLICATION, DISTRIBUTION, ETC. (IMPRINT)
Place of publication, distribution, etc New York
260 ## - PUBLICATION, DISTRIBUTION, ETC. (IMPRINT)
Name of publisher, distributor, etc Fordham University Press
300 ## - PHYSICAL DESCRIPTION
Extent vi
600 ## - SUBJECT ADDED ENTRY--PERSONAL NAME
Personal name Lonergan, Bernard J.F.
9 (RLIN) 29647
600 ## - SUBJECT ADDED ENTRY--PERSONAL NAME
Personal name Murray, John Courtney
9 (RLIN) 21025
600 ## - SUBJECT ADDED ENTRY--PERSONAL NAME
Personal name Rahner, Karl
Chronological subdivision 1904-1984
9 (RLIN) 29648
650 ## - SUBJECT ADDED ENTRY--TOPICAL TERM
Topical term following geographic name as entry element Catholic Church
General subdivision Doctrines
-- History
Chronological subdivision 20th century
9 (RLIN) 29649
650 ## - SUBJECT ADDED ENTRY--TOPICAL TERM
Topical term following geographic name as entry element Theology
General subdivision Doctrinal
-- History
Chronological subdivision 20th century
9 (RLIN) 2157
942 ## - ADDED ENTRY ELEMENTS (KOHA)
Source of classification or shelving scheme Library of Congress Classification
Koha item type Monograph ( Printed materials)
Holdings
Withdrawn status Lost status Source of classification or shelving scheme Damaged status Not for loan Collection code Home library Current library Shelving location Date acquired Total Checkouts Full call number Barcode Date last seen Date checked out Copy number Price effective from Koha item type
    Library of Congress Classification     Main Collection ARRUPE LIBRARY ARRUPE LIBRARY Main Collection 05/03/2013 2 BX3755.F56 46004005058 06/05/2024 09/04/2024 1 05/03/2013 Monograph ( Printed materials)

 

Arrupe Library. PO Box MP320 Mt Pleasant, Harare, Zimbabwe
263 242 745411|librarian@aju.ac.zw